Qui était la mère de.... ? - Statistiques

Statistiques générales
  • Ce quiz a été pris 39 fois
  • Le résultat moyen est 5 sur 10
Statistiques - réponses
Enfant Mère % Correct
Stéphanie de Monaco Grace Kelly
68%
Ptolémée XV « Césarion » Cléopâtre VII
66%
Irène Joliot Marie Curie
61%
Jésus-Christ Vierge Marie
61%
Louis-Charles de France Marie-Antoinette
58%
William, Prince de Galles Lady Diana
55%
Néron Agrippine
53%
Richard Cœur de Lion Aliénor d'Aquitaine
47%
Louis IX Blanche de Castille
37%
Napoléon II, Roi de Rome Marie-Louise d'Autriche
26%
Aucun quiz correspondant
Distribution des résultats
% des personnes avec chaque résultat
Percentile par nombre de réponses
Votre historique - résultats
Vous n’avez pas pris ce quiz